000 00480nam a2200181Ia 4500
005 20250423095430.0
008 250422s9999 xx 000 0 und d
020 _a9783748750
050 _aHJ 2291.N6 .S69/
100 _aOyo, Seyi
245 0 _aFundamental principles of Nigerian tax (evidenced in 267 questions and sugested solutions)
250 _a2nd ed.
260 _aLagos
260 _bSagribra Tax Publications
260 _c2003
300 _a788 p
942 _cBK
999 _c30254
_d30254